Berlin A-Z - Statistiken

Allgemein
  • Dieses Quiz wurde 74 mal gespielt
  • Das Durchschnittsergebnis liegt bei 14 aus 26
Antwortstatistiken
B. Hinweis Antwort % Korrekt
A Bekannter (und teils gefährlicher) Platz Alexanderplatz
93%
C Berühmter Grenzübergang in die ehem. DDR Checkpoint Charlie
90%
F Was waren Gatow, Tegel und Tempelhof? Flughäfen
85%
B Stand von 1961 bis 1989 in Berlin Berliner Mauer
84%
T Flighafen, der durch dem Bau des neuen Flughafens BERgeschloßen wurde, ist auch ein Stadtteil Tegel
84%
W Bekannter See und Stadtteil Berlins Wannsee
81%
O Wie heißt das größte Stadion Berlins? Olympia Stadion
75%
L So wurde die Versorgung West-Berlins durch Flugzeuge genannt Luftbrücke
73%
P Bevölkerungsreichster Stadtbezirk Pankow
66%
G Großer Wald im Westen Berlins Grunewald
64%
K Stadt mit der sich Berlin (als erstes) zusammenschloß. Ähnlich wie eine Millionenstadt Kölln
61%
X Umgangssprachliche Abkürzung für Kreuzberg X-Berg
55%
Z Wie heißt der Zoo offiziell? Zoologischer Garten
55%
U Berühmte Straße zwischen der Mueseumsinsel und demBrandenburger Tor Unter den Linden
51%
D Was gibt es viel in Berlin und erinnert oft an Historisches? Denkmäler
48%
R Was ist die S41 und S42? Ringbahn
42%
H Dynastie, die lange Zeit über Berlin herschte Hohenzollern
39%
I Platz, der ein großer Verkehrsknotenpunkt ist (für Bahn und Auto), nacheiner Stadt benannt Innsbrucker Platz
39%
Q Einteilung für Teile der Stadt, ähnlich wie ein Kiez Quartier
37%
E Wie heißt das verbliebende Stück der Mauer in Friedrichshain? East Side Gallery
36%
S Stadtbezirk mit eigenem Rathaus (aus der Zeit vor Neu-Berlin), welches nun in ein Einkaufszentrum integriert wurde Steglitz
31%
J Welche Brücke überquert die Spree und verbindet somit Mitte undFriedrichshain-Kreuzberg? Jannowitzbrücke
27%
N Welches Museum auf der Museumsinsel zeigt die Entwicklungenvon antiken Kulturen? Neues Museum
24%
M Gegenüber von der Berliner ..., steht der Bundesrat Mall
9%
V Platz, der nach einer sagenhaften untergegangenen Stadt and der Ostsee benannt ist Vinetaplatz
6%
Y Wie heißen berühmte Eisenbahnbrücken, die nach einem preußischenFeldmarschall benannt sind? Yorckbrücken
6%
Keine übereinstimmenden Quizze gefunden
Verteilung der Resultate
Anzahl Personen mit jedem Resultat
Perzentil nach korrekt beantworteten Fragen
Ihre Resultats-Entwicklung
Sie haben dieses Quiz noch nicht gespielt